|
|
|
|
| LEADER |
00000cam a2200000 a 4500 |
| 001 |
UCP1002 |
| 003 |
CL-VaPUC |
| 008 |
990326e19980000CL |||||||||||||||||spa|d |
| 020 |
|
|
|a 9567106320
|
| 082 |
0 |
4 |
|a 378.006
|b CEN
|2 21
|
| 110 |
2 |
|
|a Centro Interuniversitario de Desarrollo
|e author
|9 426724
|
| 710 |
2 |
|
|a CINDA
|e author
|9 426725
|
| 245 |
1 |
0 |
|a Gestión de la docencia e internacionalización en universidades chilenas
|
| 300 |
|
|
|a 266 p
|
| 942 |
|
|
|c BK
|
| 945 |
|
|
|d 19990326 00:00:00
|a aarredon
|
| 260 |
|
|
|a Santiago
|b CINDA
|c 1998
|
| 650 |
|
0 |
|a Universidades
|9 256317
|
| 650 |
|
0 |
|a Gestión pública
|9 388888
|
| 650 |
|
0 |
|a Política educacional
|9 308011
|
| 650 |
|
0 |
|a Administración de la enseñanza
|9 261034
|
| 650 |
|
0 |
|a Gestión educacional
|9 261035
|
| 650 |
|
0 |
|a Planificación de la educación
|9 307333
|
| 650 |
|
0 |
|a Docencia universitaria
|9 332645
|
| 650 |
|
0 |
|a Educación superior
|9 223851
|
| 651 |
|
7 |
|a CHILE
|2 CL-VaPUC
|9 426726
|
| 583 |
|
|
|a last modification
|c 20170427 10:45:07
|k Rodrigo Vera
|
| 999 |
|
|
|c 279725
|d 279723
|
| 952 |
|
|
|0 0
|1 0
|4 0
|6 378_006000000000000_CEN_1998
|7 0
|8 A
|9 319456
|a BIBEDU
|b BIBEDU
|d 2019-11-20
|i 348789K
|o 378.006 CEN 1998
|p 348789K
|r 2019-11-20
|w 2019-11-20
|y BK
|k EDU
|
| 952 |
|
|
|0 0
|1 0
|4 0
|6 378_006000000000000_CEN_1998
|7 0
|8 ED_SUP
|9 319458
|a BIBGIM
|b BIBGIM
|c S_PSTGRDO
|d 2019-11-20
|i 4835689
|o 378.006 CEN 1998
|p 4835689
|r 2025-01-15
|w 2019-11-20
|y BK
|k ESU
|
| 952 |
|
|
|0 0
|1 0
|4 0
|6 378_006000000000000_CEN_1998
|7 0
|8 ED_SUP
|9 319459
|a BIBGIM
|b BIBGIM
|c S_PSTGRDO
|d 2019-11-20
|i 4835697
|o 378.006 CEN 1998
|p 4835697
|r 2025-01-15
|w 2019-11-20
|y BK
|k ESU
|
| 952 |
|
|
|0 0
|1 0
|4 0
|6 378_006000000000000_CEN_1998
|7 0
|8 ED_SUP
|9 319460
|a BIBGIM
|b BIBGIM
|c S_PSTGRDO
|d 2019-11-20
|i 4835271
|o 378.006 CEN 1998
|p 4835271
|r 2025-01-15
|w 2019-11-20
|y BK
|k ESU
|